00323nam a2200121Ia 4500008004100000020001500041041001200056100001700068245005900085260003300144300000800177650001600185221030s9999 xx 000 0 und d a8126523658 aEnglish aL. L. Reeves 2aA Manager`s Guide to Data Warehousingcby L. L. Reeves bWilley Pub.aNew Delhic2010 a451 aBE Computer